Interface the Accelerometer and Flux Sensor with the Microcontroller to Design the Lab Model of Attitude and Direction Finder (Record no. 327408)

000 -LEADER
fixed length control field 00415 a2200121 4500
001 - CONTROL NUMBER
control field 92335
082 ## - DEWEY DECIMAL CLASSIFICATION NUMBER
Classification number PR 2382
090 ## - LOCALLY ASSIGNED LC-TYPE CALL NUMBER (OCLC); LOCAL CALL NUMBER (RLIN)
-- 44292
-- 44293
100 ## - MAIN ENTRY--PERSONAL NAME
Personal name Asad; Prof Fida Khan and Zishan (Advisors)
245 ## - TITLE STATEMENT
Title Interface the Accelerometer and Flux Sensor with the Microcontroller to Design the Lab Model of Attitude and Direction Finder
Number of part/section of a work 60'B' EC
260 ## - PUBLICATION, DISTRIBUTION, ETC.
Place of publication, distribution, etc. Islamabad
Name of publisher, distributor, etc. NUST
Date of publication, distribution, etc. 2005
500 ## - GENERAL NOTE
General note BE Project Report
942 ## - ADDED ENTRY ELEMENTS (KOHA)
Institution code [OBSOLETE] CAE NUST
Call number prefix PR 2382
Holdings
Withdrawn status Lost status Damaged status Not for loan Collection code Permanent Location Current Location Date acquired Total Checkouts Full call number Barcode Date last seen Price effective from Koha item type
          College of Aeronautical Engineering (CAE) College of Aeronautical Engineering (CAE) 04/03/2017   PR 2382 CAEPR-2382 04/05/2017 04/05/2017 Book
© 2023 Central Library, National University of Sciences and Technology. All Rights Reserved.